Business and management / (Record no. 55744)

MARC details
000 -LEADER
fixed length control field 01029naa a2200265 4500
005 - DATE AND TIME OF LATEST TRANSACTION
control field 20110810145620.0
008 - FIXED-LENGTH DATA ELEMENTS--GENERAL INFORMATION
fixed length control field 110810t xxu||||| |||| 00| 0 eng d
010 ## - LCCN (DPL NO)
LC control number ENG-103369
020 ## - INTERNATIONAL STANDARD BOOK NUMBER
Terms of availability 850.00
International Standard Book Number 9788179103159
035 ## - SYSTEM CONTROL NUMBER
System control number EN-86902
037 ## - SOURCE OF ACQUISITION
Source of stock number/acquisition DBAD/PUB
040 ## - CATALOGING SOURCE
Original cataloging agency DPL
Language of cataloging Eng
082 ## - DEWEY DECIMAL CLASSIFICATION NUMBER
Classification number 658
100 ## - MAIN ENTRY--PERSONAL NAME
9 (RLIN) 32587
Personal name Kaushik, Rajesh
245 1# - TITLE STATEMENT
Title Business and management /
Statement of responsibility, etc by Rajesh Kaushik, Upendra Kaushik [and] Sakshi Arora
260 ## - PUBLICATION, DISTRIBUTION, ETC. (IMPRINT)
Place of publication, distribution, etc Jaipur
Name of publisher, distributor, etc Aavishkar Publishers
Date of publication, distribution, etc 2010
270 ## - ADDRESS
Address 807,Vyas Building,Chaura Rasta, J
City Jaipur (RAJ)
Postal code 302003
Telephone number 0141-2578159
300 ## - PHYSICAL DESCRIPTION
Extent ix,277p.
Dimensions 22cm (Hb)
500 ## - GENERAL NOTE
General note Includes bibliographical references
700 ## - ADDED ENTRY--PERSONAL NAME
9 (RLIN) 33086
Personal name Kaushik,Upendra
700 ## - ADDED ENTRY--PERSONAL NAME
Personal name Arora,Sakshi
9 (RLIN) 33256
942 ## - ADDED ENTRY ELEMENTS (KOHA)
Institution code [OBSOLETE] dpl
Item type English Books
Source of classification or shelving scheme Dewey Decimal Classification
Call number suffix KAU
Classification part 658
Holdings
Withdrawn status Lost status Source of classification or shelving scheme Damaged status Not for loan Collection code Home library Current library Date acquired Source of acquisition Cost, normal purchase price Total Checkouts Full call number Barcode Date last seen Copy number Cost, replacement price Koha item type
    Dewey Decimal Classification     Non-fiction D.B.Act.Division D.B.Act.Division 19/08/2011 DBAD/PUB 850.00   658KAU EN-86902 19/08/2011 1 850.00 English Books

© Delhi Public Library
Hit Counter
free hit counter